| 000 | 00511pab a2200181 454500 | ||
|---|---|---|---|
| 008 | 180718b2017 xxu||||| |||| 00| 0 eng d | ||
| 100 | _aAboul-Ela, Ghadeer Mohamed Badr EIDin | ||
| 245 | _aReflections on workplace compassion and job performance | ||
| 260 | _c2017 | ||
| 300 | _ap.234-243. | ||
| 362 | _aSep | ||
| 650 | _aWorkplace compassion | ||
| 650 | _aJob performance | ||
| 650 | _aPersonnel - Service rating | ||
| 650 | _aJob satisfaction | ||
| 773 | _aJournal of Human Values | ||
| 909 | _a116589 | ||
| 999 |
_c116583 _d116583 |
||